Vertebrate Embryology: a labalatory manual. (Record no. 4032)

MARC details
000 -LEADER
fixed length control field 00571nam a22002057a 4500
003 - CONTROL NUMBER IDENTIFIER
control field OSt
005 - DATE AND TIME OF LATEST TRANSACTION
control field 20230418164604.0
008 - FIXED-LENGTH DATA ELEMENTS--GENERAL INFORMATION
fixed length control field 160513b xxu||||| |||| 00| 0 eng d
020 ## - INTERNATIONAL STANDARD BOOK NUMBER
International Standard Book Number 0520035933
040 ## - CATALOGING SOURCE
Transcribing agency DDC.
082 ## - DEWEY DECIMAL CLASSIFICATION NUMBER
Classification number QS 504 E64v1978.
100 ## - MAIN ENTRY--PERSONAL NAME
Personal name Eakin, Richard M.
9 (RLIN) 8793
245 ## - TITLE STATEMENT
Title Vertebrate Embryology: a labalatory manual.
250 ## - EDITION STATEMENT
Edition statement 3rd ed.
260 ## - PUBLICATION, DISTRIBUTION, ETC. (IMPRINT)
Place of publication, distribution, etc. England;
Name of publisher, distributor, etc. University of Califonia Press.
Date of publication, distribution, etc. 1978.
300 ## - PHYSICAL DESCRIPTION
Extent xi,269p;
Other physical details ill;
Dimensions 18cm.
504 ## - BIBLIOGRAPHY, ETC. NOTE
Bibliography, etc Bibliography and index are included.
650 ## - SUBJECT ADDED ENTRY--TOPICAL TERM
Topical term or geographic name as entry element Embryology
9 (RLIN) 5602
942 ## - ADDED ENTRY ELEMENTS (KOHA)
Source of classification or shelving scheme Dewey Decimal Classification
Koha item type Short Loan
Holdings
Withdrawn status Lost status Source of classification or shelving scheme Damaged status Not for loan Home library Current library Date acquired Source of acquisition Inventory number Total Checkouts Full call number Barcode Date last seen Koha item type
    Other/Generic Classification Scheme     MUST Main Library MUST Main Library 13/05/2016 Purchase 01/15824   QS 504 E64v 1978. 2016-1893 13/05/2016 Open Shelf
    Other/Generic Classification Scheme     MUST Main Library MUST Main Library 13/05/2016 Purchase 01/15825   QS 504 E64v 1978. 2016-1916 13/05/2016 Open Shelf